[Event "Match"]
[Site "www.echecsemail.com"]
[Date "2016.09.20"]
[Round "1"]
[White "Billyg"]
[Black "Sergiodon"]
[WhiteElo "1650"]
[BlackElo "1399"]
[Result "1-0"]
[Round "1"]
1.e4 d6
2.d4 Ng8f6
3.Nb1c3 e6
4.e5 dxe5
5.dxe5 Qd8xd1
6.Nc3xd1 Nf6g4
7.Ng1f3 Nb8c6
8.Bf1b5 Bc8d7
9.O-O Ng4xe5
10.Nf3xe5 Nc6xe5
11.Bb5xd7  { time }
1-0

[Event "1/16 Finale"]
[Site "www.chess-mail.com"]
[Date "2016.09.20"]
[Round "1"]
[White "Jose"]
[Black "Vega"]
[WhiteElo "2760"]
[BlackElo "2560"]
[Result "1-0"]
[Round "1"]
1.c4 Ng8f6
2.g3 e6
3.Bf1g2 d5
4.d4 Nb8c6
5.Ng1f3 dxc4
6.Qd1a4 Bc8d7
7.Qa4xc4 Bf8d6
8.Nb1c3 O-O
9.O-O a6
10.Rf1d1 Qd8e8
11.Bc1g5 Nf6d5
12.e4 Nd5b6
13.Qc4e2 f5
14.Ra1c1 h6
15.Bg5e3 f4
16.gxf4 Bd6xf4
17.Be3xf4 Rf8xf4
18.Qe2e3 Qe8f8
19.d5 Nb6c4
20.Qe3e2 Nc6e5
21.Nf3d4 Qf8f6
22.dxe6 Bd7c6
23.f3 Nc4d6
24.a4 Ra8d8
25.b4 Nd6c4
26.b5 Rd8xd4
27.Rd1xd4 axb5
28.axb5 Ne5xf3
29.Bg2xf3 Qf6xd4
30.Kh1 Nc4e5
31.bxc6 bxc6
32.Rc1d1 Qd4c5
33.Nc3a4 Qc5b4
34.Bf3g2 Rf4f6
35.Bg2h3 Rf6f4
36.Bh3f5 Kf8
37.Qe2a6 Ke7
38.Qa6c8 Kf6
39.Qc8xc7 Rf4xf5
40.Qc7d8 Qb4e7
41.exf5 Qe7xd8
42.Rd1xd8 g6
43.Rd8f8 Ke7
44.Rf8f7 { resign }
1-0

[Event "1/128 Finale"]
[Site "www.chess-mail.com"]
[Date "2016.09.20"]
[Round "1"]
[White "Ssharp"]
[Black "Mitja"]
[WhiteElo "2140"]
[BlackElo "1930"]
[Result "1-0"]
[Round "1"]
1.e4 d5
2.exd5 Qd8xd5
3.Nb1c3 Qd5d8
4.Ng1f3 e6
5.d4 c6
6.Bc1f4 h6
7.Bf1d3 Ng8f6
8.O-O Bf8d6
9.Bf4d2 Bd6c7
10.Rf1e1 b6
11.Nc3e4 Nf6xe4
12.Bd3xe4 Bc8b7
13.c4 Nb8d7
14.d5 Nd7f6
15.dxc6 Bb7a6
16.Qd1a4 Nf6xe4
17.Re1xe4 Ba6c8
18.Bd2b4 Qd8f6
19.Bb4a3 Qf6g6
20.Ra1e1 f5
21.Re4e2 Kf7
22.c5 bxc5
23.Ba3xc5 a5
24.Bc5b6 Bc7d6
25.Qa4d4 e5
26.Nf3xe5 Bd6xe5
27.Re2xe5 Qg6xc6
28.Re5e7 { resign }
1-0

[Event "Eq:Nightwish-Los Tercios : "]
[Site "www.chess-mail.com"]
[Date "2016.09.20"]
[Round "1"]
[White "Stevefillion"]
[Black "Terrysweden"]
[WhiteElo "2380"]
[BlackElo "1579"]
[Result "1-0"]
[Round "1"]
1.d4 d5
2.c4 e6
3.Nb1c3 Ng8f6
4.Ng1f3 Bf8e7
5.Bc1g5 Nb8d7
6.e3 h6
7.Bg5h4 O-O
8.Ra1c1 a6
9.cxd5 exd5
10.Bf1d3  { time }
1-0

[Event "Eq:Nightwish-Latinoamerica : "]
[Site "www.chess-mail.com"]
[Date "2016.09.20"]
[Round "1"]
[White "Yvis92"]
[Black "Obisporey"]
[WhiteElo "2039"]
[BlackElo "2600"]
[Result "0-1"]
[Round "1"]
1.e4 c5
2.Ng1f3 Nb8c6
3.Nb1c3 g6
4.d4 cxd4
5.Nf3xd4 Bf8g7
6.Bc1e3 Ng8f6
7.Nd4xc6 bxc6
 { time }
0-1

[Event "Eq:Nightwish-Latinoamerica : "]
[Site "www.chess-mail.com"]
[Date "2016.09.20"]
[Round "1"]
[White "Obisporey"]
[Black "Yvis92"]
[WhiteElo "2600"]
[BlackElo "2039"]
[Result "1-0"]
[Round "1"]
1.e4 e5
2.Ng1f3 Nb8c6
3.Bf1b5 a6
4.Bb5a4 Ng8f6
5.O-O Nf6xe4
6.d4 b5
7.Ba4b3 d5
8.dxe5  { time }
1-0

[Event "Fast Game"]
[Site "www.echecsemail.com"]
[Date "2016.09.20"]
[Round "1"]
[White "4m6az"]
[Black "Egdiogel"]
[WhiteElo "2049"]
[BlackElo "1950"]
[Result "0-1"]
[Round "1"]
1.e3 e5
2.c4 g6
3.d4 exd4
4.Qd1xd4 Ng8f6
5.g4 Nb8c6
6.Qd4c3 Bf8b4
7.Bc1d2 Bb4xc3
8.Bd2xc3 O-O
9.h3 d5
10.Nb1d2 Nf6e4
11.Nd2xe4 dxe4
12.Ra1d1 Qd8e7
13.a3 Bc8e6
14.Bf1g2 Be6xc4
15.b4 Rf8d8
{ resign }
0-1

[Event "Tourn. n8963"]
[Site "www.chess-mail.com"]
[Date "2016.09.21"]
[Round "1"]
[White "Malbertan"]
[Black "Bojan"]
[WhiteElo "2020"]
[BlackElo "1920"]
[Result "1-0"]
[Round "1"]
1.e4 e5
2.d4 exd4
3.c3 dxc3
4.Bf1c4 cxb2
5.Bc1xb2 Bf8b4
6.Nb1d2 Qd8e7
7.Bb2xg7 Ng8f6
8.Bg7xh8 Nf6xe4
9.Qd1e2 Ne4xd2
10.Bc4xf7 Kxf7
11.O-O-O Qe7xe2
12.Ng1xe2 Nd2e4
13.Rh1f1 Nb8c6
14.f3 Ne4f6
15.Bh8xf6 Kxf6
16.Ne2f4 d6
17.Nf4d5 Kf5
18.g4 Kg5
19.Nd5xc7 Ra8b8
20.Nc7b5 Bc8e6
21.Nb5xd6 Be6xa2
22.Nd6e4 Kh4
23.Rd1d7 Kh3
24.Rd7xh7 Kg2
25.Rf1f2 Kg1
26.Rf2xa2 a5
27.Rh7d7 { resign }
1-0

[Event "Tourn. n8875"]
[Site "www.chess-mail.com"]
[Date "2016.09.21"]
[Round "1"]
[White "Pimpampum"]
[Black "Pwain"]
[WhiteElo "2190"]
[BlackElo "2240"]
[Result "0-1"]
[Round "1"]
1.e4 e5
2.Bf1c4 Ng8f6
3.d3 c6
4.Ng1f3 d5
5.exd5 cxd5
6.Bc4b5 Bc8d7
7.Bb5xd7 Nb8xd7
8.O-O Bf8d6
9.Rf1e1 O-O
10.Nb1c3 d4
11.Nc3b5 Bd6b8
12.Bc1g5 a6
13.Nb5a3 b5
14.Na3b1 h6
15.Bg5h4 Rf8e8
16.a4 b4
17.Nb1d2 g5
18.Bh4g3 Nf6d5
19.Nd2c4 f6
20.h4 Nd5f4
21.hxg5 hxg5
22.Bg3xf4 gxf4
23.Nf3h4 Re8e7
24.Qd1g4 Re7g7
25.Qg4e6 Kh8
26.Kf1 Ra8a7
27.Ke2 Nd7c5
28.Qe6f5 Rg7g5
29.Qf5h3 Ra7h7
30.Re1h1 Qd8e8
31.Qh3f3 Rg5h5
32.g3 f5
33.Qf3a8 e4
34.Nc4d6 f3
35.Kd2 Qe8d8
36.Nd6f7 Rh7xf7
37.Nh4g6 Kg7
38.Rh1xh5 Kxg6
39.Ra1h1 Bb8f4
40.gxf4 Qd8xa8
41.Rh5h6 Kg7
42.Rh6h7 Kf6
{ resign }
0-1

[Event "Tourn. n8961"]
[Site "www.chess-mail.com"]
[Date "2016.09.21"]
[Round "1"]
[White "Guidom"]
[Black "Norlavuaram"]
[WhiteElo "2010"]
[BlackElo "2150"]
[Result "1/2-1/2"]
[Round "1"]
1.e4 e5
2.Ng1f3 Nb8c6
3.Bf1b5 a6
4.Bb5a4 Ng8f6
5.O-O Bf8e7
6.d3 b5
7.Ba4b3 O-O
8.Bc1g5 d6
9.c3 Nc6b8
10.Nb1d2 Nb8d7
11.Qd1e2 c5
12.Bb3c2 h6
13.Bg5h4 Nf6h7
14.Bh4xe7 Qd8xe7
15.d4 Nd7f6
16.d5 Bc8g4
17.h3 Bg4h5
18.a4 Ra8b8
19.axb5 axb5
20.Ra1a6 b4
21.c4 Rb8a8
22.Rf1a1 Ra8xa6
23.Ra1xa6 Nh7g5
24.Qe2e3 Ng5xf3
25.Nd2xf3 Rf8d8
26.g4 Bh5g6
27.Nf3d2 Qe7b7
28.Ra6a1 Rd8a8
29.Qe3e1 Ra8xa1
30.Qe1xa1 b3
31.Bc2d3 Qb7b4
32.Qa1c1 Nf6d7
33.f3 Nd7b6
34.Qc1d1 Nb6a4
35.Qd1c1 { draw }
1/2-1/2

[Event "Tourn. n8967"]
[Site "www.chess-mail.com"]
[Date "2016.09.21"]
[Round "1"]
[White "Xkafi"]
[Black "Francesco"]
[WhiteElo "1920"]
[BlackElo "1930"]
[Result "0-1"]
[Round "1"]
1.e4 c6
2.Bf1c4 d5
3.exd5 cxd5
4.Bc4b3 Bc8f5
5.d3 e6
6.Ng1f3 Ng8f6
7.Nf3e5 Bf8d6
8.d4 O-O
9.Bc1g5 Nb8d7
10.h4 Qd8c7
11.Qd1e2 Nf6e4
12.f3 Ne4g3
13.Qe2b5 Nd7xe5
14.dxe5 Bd6xe5
15.c3 Ng3xh1
16.Nb1d2 a6
17.Qb5b4 Be5d6
18.Qb4d4 Bd6c5
19.Qd4f4 Qc7xf4
20.Bg5xf4 Nh1f2
21.Bf4g3 Nf2d3
22.Ke2 Nd3xb2
{ resign }
0-1

[Event "Tourn. n8930"]
[Site "www.chess-mail.com"]
[Date "2016.09.21"]
[Round "1"]
[White "Tartan"]
[Black "Prize64"]
[WhiteElo "2410"]
[BlackElo "2370"]
[Result "1-0"]
[Round "1"]
1.e4 c5
2.Ng1f3 Nb8c6
3.d4 cxd4
4.Nf3xd4 e5
5.Nd4b5 d6
6.Nb1c3 a6
7.Nb5a3 b5
8.Nc3d5 Ng8e7
9.c4 Ne7xd5
10.cxd5 Nc6d4
11.Bf1d3  { time }
1-0

[Event "Tourn. n8900"]
[Site "www.chess-mail.com"]
[Date "2016.09.21"]
[Round "1"]
[White "Goofy"]
[Black "Rons"]
[WhiteElo "2310"]
[BlackElo "2530"]
[Result "0-1"]
[Round "1"]
1.e4 c5
2.Ng1f3 d6
3.d4 cxd4
4.Nf3xd4 Ng8f6
5.Nb1c3 a6
6.h3 e6
7.g4 Bf8e7
8.g5 Nf6d7
9.h4 b5
10.a3 Bc8b7
11.Bc1e3 O-O
12.Qd1d2 Nb8c6
13.O-O-O Nc6xd4
14.Be3xd4 Nd7c5
15.f3 Qd8c7
16.Kb1 d5
17.e5 Nc5d7
18.f4 Be7c5
19.Nc3e2 a5
20.Rh1h3 b4
21.a4 Bb7a6
22.b3 Ba6xe2
23.Qd2xe2 Bc5xd4
24.Rd1xd4 Qc7b6
25.Qe2d1 Ra8c8
26.h5 Rc8c3
27.Rh3h2 Nd7c5
28.Rh2g2 Nc5e4
29.Bf1b5 Rc3xb3
{ resign }
0-1

[Event "Tourn. n8928"]
[Site "www.chess-mail.com"]
[Date "2016.09.21"]
[Round "1"]
[White "Nulladies"]
[Black "Llcervello"]
[WhiteElo "1780"]
[BlackElo "1670"]
[Result "1-0"]
[Round "1"]
1.d4 d5
2.Bc1f4 e6
3.e3 g5
4.Bf4g3 f6
5.Qd1h5 Kd7
6.c4 Ng8e7
7.c5 Ne7g6
8.Bf1d3 Ng6e7
9.Nb1c3 c6
10.Ng1e2 h6
11.Bg3d6 b6
12.b4 bxc5
13.bxc5 Rh8g8
14.Nc3b5 Qd8a5
15.Nb5c3 Qa5b4
16.O-O Bc8a6
17.Bd3h7 Rg8h8
18.Bh7g6 Ba6xe2
19.Nc3xe2 Qb4c4
20.Rf1c1 Qc4a6
21.Bg6e8 Kd8
22.Ne2g3 Qa6d3
23.Qh5f7 Qd3g6
24.Ra1b1 Nb8a6
25.Bd6xe7 Bf8xe7
26.Qf7xg6 Rh8xe8
27.Ng3h5 Be7f8
28.Nh5xf6 Ke7
29.Rb1b7 Na6c7
30.Rb7xc7 { resign }
1-0

[Event "Tourn. n8888"]
[Site "www.chess-mail.com"]
[Date "2016.09.21"]
[Round "1"]
[White "Fabos12"]
[Black "Attatroll"]
[WhiteElo "1940"]
[BlackElo "1910"]
[Result "0-1"]
[Round "1"]
1.Ng1f3 d6
2.d4 Ng8f6
3.c4 g6
4.Bc1g5 Bf8g7
5.Nb1c3 O-O
6.e4 Bc8g4
7.Bf1d3 Nb8c6
8.d5 Nc6e5
9.Bd3e2 Bg4xf3
10.gxf3 h6
11.Bg5h4 g5
12.Bh4g3 Nf6h5
13.h4 Nh5xg3
14.fxg3 e6
15.f4 gxf4
16.gxf4 Ne5g6
17.Qd1d2 Ng6xh4
18.O-O-O Nh4g6
19.Be2h5 exd5
20.Bh5xg6 fxg6
21.Nc3xd5 a5
22.Rd1f1 c6
23.Nd5c3 a4
24.f5 g5
25.Nc3e2 Qd8b6
26.Ne2g3 Bg7e5
27.Ng3h5 Ra8e8
28.Kb1 a3
29.b3 Qb6d4
30.Qd2xd4 Be5xd4
31.Kc2 Re8xe4
32.Kd3 d5
33.Rf1e1 Re4xe1
34.Rh1xe1 Bd4f2
35.Re1e5 dxc4
36.Kxc4 g4
37.f6 g3
38.Re5e7 Rf8f7
39.Nh5xg3 Bf2xg3
40.Re7e6 Bg3h4
41.Kb4 Rf7xf6
42.Re6e4 Bh4g5
43.Kxa3 Bg5c1
44.Kb4 Rf6f4
45.Re4xf4 Bc1xf4
46.Kc4 h5
47.Kd3 h4
48.Ke4 h3
49.Kf3 h2
50.Kg2 Kf7
51.a4 Ke6
52.b4 b5
53.a5 c5
54.a6 Bf4b8
55.bxc5 b4
56.a7 Bb8xa7
{ resign }
0-1

[Event "Tourn. n8942"]
[Site "www.chess-mail.com"]
[Date "2016.09.21"]
[Round "1"]
[White "Cal"]
[Black "Nulladies"]
[WhiteElo "1710"]
[BlackElo "1840"]
[Result "0-1"]
[Round "1"]
1.c4 c5
2.Ng1f3 Ng8f6
3.Nb1c3 d6
4.h3 g6
5.a3 Nb8c6
6.d3 Bf8g7
7.e4 e5
8.b4 b6
9.Bf1e2 Nc6d4
10.bxc5 dxc5
11.Nf3xe5 Bc8b7
12.Bc1g5 h6
13.Bg5xf6 Bg7xf6
14.Be2g4 Bf6xe5
15.O-O Nd4b3
16.Qd1xb3 Qd8xd3
17.Qb3b5 Ke7
18.Nc3d5 Bb7xd5
19.Qb5d7 Kf6
20.cxd5 Kg7
21.Bg4e6 Rh8f8
22.f4 Qd3e3
23.Kh1 Be5xf4
24.Ra1e1 Qe3g3
25.Kg1 Bf4e3
26.Kh1 Be3f4
27.Kg1 Ra8d8
28.Qd7xa7 Bf4c7
29.Re1e3 Qg3h2
30.Kf2 fxe6
31.Re3f3 Rf8xf3
32.Kxf3 Rd8f8
33.Ke3 Rf8xf1
34.dxe6 Qh2f4
35.Kd3 Kf6
36.Qa7b7 Kxe6
37.Qb7d5 Ke7
38.Kc4 Qf4d6
39.Qd5xd6 Bc7xd6
40.a4 Rf1f4
41.Kd5 Rf4f2
42.g4 Kd7
43.Kc4 Kc6
{ resign }
0-1

[Event "Match"]
[Site "www.echecsemail.com"]
[Date "2016.09.21"]
[Round "1"]
[White "Ssharp"]
[Black "Bojan"]
[WhiteElo "2140"]
[BlackElo "1860"]
[Result "1-0"]
[Round "1"]
1.e4 Nb8c6
2.d4 e6
3.Ng1f3 h6
4.Bf1b5 a6
5.Bb5xc6 bxc6
6.O-O d5
7.e5 Ng8e7
8.Nb1c3 Ne7f5
9.Nc3e2 c5
10.c3 cxd4
11.Ne2xd4 Nf5e7
12.Bc1f4 Bc8d7
13.Qd1d2 c5
14.Nd4c2 Ra8b8
15.b3 Bd7c6
16.Qd2d1 Ne7g6
17.Bf4g3 f5
18.exf6 gxf6
19.Bg3xb8 Qd8xb8
20.Qd1d3 Kf7
21.Rf1e1 Bf8d6
22.Re1xe6 Ng6f4
23.Qd3xa6 Nf4xe6
24.Qa6xc6 Ne6f4
25.Ra1e1 Rh8g8
26.Nc2e3 Rg8c8
27.Qc6d7 Kf8
28.Ne3f5 { resign }
1-0

[Event "Match"]
[Site "www.echecsemail.com"]
[Date "2016.09.21"]
[Round "1"]
[White "Xkafi"]
[Black "Azorau"]
[WhiteElo "1880"]
[BlackElo "2020"]
[Result "1-0"]
[Round "1"]
1.e4 e5
2.a3 Bf8c5
3.Bf1c4 Qd8f6
4.Qd1f3 Qf6xf3
5.Ng1xf3 h6
6.Nf3xe5 Rh8h7
7.Bc4xf7 Kf8
8.Bf7g6 Rh7h8
9.Ne5f7 Ng8f6
10.Nf7xh8 Kg8
11.Nh8f7 a5
12.b3 Nf6xe4
13.d3 Ne4d6
14.Nf7xd6 Bc5xd6
15.O-O Bd6e5
16.Rf1e1 Ra8a6
17.Re1xe5 Ra6xg6
18.Re5e8 Kf7
19.Re8xc8 Nb8a6
20.Bc1b2 Ke7
21.Nb1c3 c6
22.Nc3e4 d5
23.Ne4g3 Rg6f6
24.Bb2xf6 gxf6
25.Ra1e1 Kd7
26.Rc8f8 Na6c5
27.Rf8xf6 b5
28.Ng3f5 Nc5b7
29.Re1e7 Kc8
30.Rf6f8 Nb7d8
31.Nf5d6 { resign }
1-0

[Event "1/128 Finale"]
[Site "www.chess-mail.com"]
[Date "2016.09.21"]
[Round "1"]
[White "4quentin2"]
[Black "Ssharp"]
[WhiteElo "1699"]
[BlackElo "2140"]
[Result "0-1"]
[Round "1"]
1.e4 e6
2.d4 d5
3.exd5 exd5
4.c4 c6
5.Ng1f3 Ng8f6
6.cxd5 cxd5
7.Bf1b5 Nb8c6
8.Nf3e5 Bc8d7
9.Nb1c3 a6
 { time }
0-1

[Event "Fast Game"]
[Site "www.echecsemail.com"]
[Date "2016.09.21"]
[Round "1"]
[White "Mitja"]
[Black "4m6az"]
[WhiteElo "1720"]
[BlackElo "1929"]
[Result "1-0"]
[Round "1"]
1.d4 Ng8f6
2.e3 d5
3.h3 b6
4.c3 Nf6e4
5.Nb1d2 Ne4xd2
6.Qd1xd2 Bc8f5
7.Bf1d3 Bf5xd3
8.Qd2xd3 c6
9.Ng1f3 g6
10.b3 e6
11.O-O Bf8d6
12.Bc1b2 a5
13.c4 Rh8g8
14.cxd5 cxd5
15.Ra1c1 Nb8d7
16.a4 f6
17.Qd3b5 Qd8b8
18.Rf1e1 Kf7
19.Qb5xd7 Bd6e7
20.Qd7b5 Ra8a7
21.Qb5d3 h5
22.Rc1c2 Be7d6
23.e4 Rg8e8
24.exd5 exd5
25.Re1xe8 Qb8xe8
26.Rc2e2 Qe8d7
27.Bb2c1 Qd7c6
28.Re2e1 Bd6b4
29.Bc1d2 Bb4a3
30.Nf3h4 f5
31.Nh4f3 Ba3d6
32.Nf3e5 { resign }
1-0

[Event "Tourn. n8922"]
[Site "www.chess-mail.com"]
[Date "2016.09.22"]
[Round "1"]
[White "Osopanda"]
[Black "Picifarkinca"]
[WhiteElo "1990"]
[BlackElo "1980"]
[Result "1-0"]
[Round "1"]
1.Ng1f3 d5
2.c4 c6
3.cxd5 cxd5
4.d4 Ng8f6
5.Nb1c3 e6
6.Bc1g5 Bf8e7
7.e3 O-O
8.Bf1d3 Nb8c6
9.O-O Bc8d7
10.e4 dxe4
11.Nc3xe4 Nf6xe4
12.Bg5xe7 Qd8xe7
13.Bd3xe4 Ra8c8
14.Rf1e1 Rf8d8
15.d5 Nc6b8
16.dxe6 Bd7xe6
17.Qd1b1 h6
18.Be4h7 Kf8
19.Bh7f5 Qe7f6
20.Bf5xe6 fxe6
21.Qb1h7 Ke7
22.Nf3e5 Rd8d2
23.Ne5g4 Qf6f8
24.Qh7e4 Rc8c6
25.Ng4e5 { resign }
1-0

[Event "Tourn. n8900"]
[Site "www.chess-mail.com"]
[Date "2016.09.22"]
[Round "1"]
[White "Rons"]
[Black "Prize64"]
[WhiteElo "2530"]
[BlackElo "2380"]
[Result "1-0"]
[Round "1"]
1.e4 e6
2.d4 d5
3.Nb1c3 Bf8b4
4.e5 c5
5.a3 Bb4xc3
6.bxc3 Ng8e7
7.Qd1g4 O-O
8.Bf1d3 f5
9.exf6 Rf8xf6
10.Bc1g5 Rf6f7
11.Qg4h5 g6
12.Qh5d1 Nb8c6
13.Ng1f3 Qd8f8
14.O-O c4
15.Bd3e2 h6
16.Bg5c1 Qf8g7
17.Qd1d2 g5
18.Ra1b1 b6
19.h3 Ne7g6
20.Rf1e1 Ng6f4
21.Qd2d1 Nf4xe2
22.Qd1xe2 Bc8d7
23.a4 Ra8f8
24.Bc1a3 Rf8e8
25.Rb1a1 Rf7f5
26.Ba3d6 Qg7f7
27.Nf3e5 Nc6xe5
28.Bd6xe5  { time }
1-0

[Event "Tourn. n8975"]
[Site "www.chess-mail.com"]
[Date "2016.09.22"]
[Round "1"]
[White "Madz123456"]
[Black "Mao"]
[WhiteElo "1650"]
[BlackElo "1680"]
[Result "1-0"]
[Round "1"]
1.e4 c5
2.Nb1c3 Nb8c6
3.Ng1f3 d6
4.Bf1c4 Ng8f6
5.O-O g6
6.Nc3d5 Nf6xe4
7.Rf1e1 { resign }
1-0

[Event "Tourn. n8888"]
[Site "www.chess-mail.com"]
[Date "2016.09.22"]
[Round "1"]
[White "Xkafi"]
[Black "Picifarkinca"]
[WhiteElo "1860"]
[BlackElo "1960"]
[Result "0-1"]
[Round "1"]
1.e4 e5
2.Bf1c4 Ng8f6
3.Qd1f3 Nb8c6
4.c3 d6
5.d3 Bc8g4
6.Qf3g3 Bg4h5
7.Ng1f3 Bh5xf3
8.gxf3 Qd8d7
9.Bc1e3 Nc6a5
10.Bc4b3 Na5xb3
11.axb3 a6
12.Rh1g1 O-O-O
13.Nb1a3 Kb8
14.Ke2 Qd7e6
15.Na3c4 g6
16.b4 Bf8g7
17.b5 d5
18.exd5 Nf6xd5
19.bxa6 Nd5f4
20.Kf1 Nf4xd3
21.a7 Ka8
22.b3 f5
23.Be3g5 f4
24.Qg3h4 Rd8d7
25.Qh4g4 Rh8e8
26.Kg2 h6
27.Bg5h4 Qe6xg4
28.fxg4 g5
29.Bh4g3 fxg3
30.hxg3 e4
31.Rg1h1 Rd7f7
32.Rh1f1 Bg7xc3
33.Nc4e3 Bc3xa1
34.Rf1xa1 Rf7xf2
35.Kg1 Rf2f6
36.Ne3d5 Rf6c6
37.Kf1 Re8e5
38.Nd5e3 Rc6c1
39.Ra1xc1 Nd3xc1
40.Ne3f5 Kxa7
41.Nf5xh6 Nc1xb3
42.Ke2 Re5e7
43.Ke3 c5
44.Nh6f5 Re7e5
45.Nf5d6 b5
46.Nd6xb5 Kb6
47.Nb5c3 c4
48.Nc3e2 Kc5
{ resign }
0-1

[Event "Tourn. n8938"]
[Site "www.chess-mail.com"]
[Date "2016.09.22"]
[Round "1"]
[White "Prize64"]
[Black "Tartan"]
[WhiteElo "2360"]
[BlackElo "2430"]
[Result "0-1"]
[Round "1"]
1.e4 c5
2.c3 Ng8f6
3.e5 Nf6d5
4.Bf1c4 Nd5b6
5.Bc4b3 d5
6.exd6 Qd8xd6
7.Ng1f3 c4
8.Bb3c2 Nb8c6
9.O-O Bc8g4
10.h3 Bg4h5
11.Qd1e2 e5
 { time }
0-1

[Event "Tourn. n8938"]
[Site "www.chess-mail.com"]
[Date "2016.09.22"]
[Round "1"]
[White "Numanoid"]
[Black "Prize64"]
[WhiteElo "2280"]
[BlackElo "2360"]
[Result "1-0"]
[Round "1"]
1.e4 c5
2.Ng1f3 Nb8c6
3.Bf1b5 d6
4.O-O Bc8d7
5.Rf1e1 a6
6.Bb5xc6 Bd7xc6
7.d4 cxd4
8.Nf3xd4 Ng8f6
9.Nd4xc6 bxc6
10.Qd1f3 e5
11.c4 Bf8e7
12.Nb1c3  { time }
1-0

[Event "Tourn. n8934"]
[Site "www.chess-mail.com"]
[Date "2016.09.22"]
[Round "1"]
[White "Falcoale"]
[Black "Hansen"]
[WhiteElo "1500"]
[BlackElo "1610"]
[Result "1-0"]
[Round "1"]
1.e4 e5
2.Ng1f3 Nb8c6
3.d4 d6
4.dxe5 d5
5.exd5 Nc6b4
6.c4 Bc8f5
7.Nf3d4 Bf5e4
8.a3 Nb4a6
9.Nb1c3 Na6c5
10.Nc3xe4 Nc5xe4
11.f3 Ne4c5
12.b4 Nc5d7
13.Bf1d3 Nd7xe5
14.Bd3c2 Ne5xc4
15.O-O g5
16.Nd4f5 Ng8f6
17.Bc1xg5 Bf8e7
18.Nf5xe7 Nf6d7
19.Rf1e1 Kf8
20.Ne7g6 hxg6
21.Bg5xd8 Ra8xd8
22.Qd1d4 Rh8h5
23.Qd4xc4 Rd8c8
24.g4 Nd7b6
25.Qc4c5 Kg7
26.gxh5 c6
27.hxg6 cxd5
28.Qc5xc8 Nb6xc8
29.gxf7 Nc8d6
30.Re1e7 Nd6c8
31.Re7e8 Nc8d6
32.f8Q { resign }
1-0

[Event "Tourn. n8909"]
[Site "www.chess-mail.com"]
[Date "2016.09.22"]
[Round "1"]
[White "Marbachess"]
[Black "Gimmyg"]
[WhiteElo "2630"]
[BlackElo "2520"]
[Result "1/2-1/2"]
[Round "1"]
1.f4 Ng8f6
2.b3 c5
3.Bc1b2 d5
4.e3 Nb8c6
5.Bf1e2 d4
6.Ng1f3 g6
7.exd4 Nc6xd4
8.Nf3xd4 cxd4
9.Be2b5 Bc8d7
10.Nb1a3 Bf8g7
11.Qd1f3 O-O
12.O-O Ra8c8
13.Ra1c1 Qd8b6
14.Bb5d3 Bd7e6
15.Kh1 Nf6e8
16.f5 gxf5
17.Bd3xf5 Be6xf5
18.Qf3xf5 Ne8d6
19.Qf5h3 f5
20.d3 Qb6a5
21.Na3c4 Nd6xc4
22.bxc4 Qa5xa2
23.Bb2a1 e6
24.Qh3g3 Rc8d8
25.c3 dxc3
26.Ba1xc3 Rd8d7
27.Qg3e1 Qa2a6
28.Rf1f3 Bg7xc3
29.Qe1xc3 Rd7g7
30.Rc1a1 Qa6b6
31.c5 Qb6b5
32.Qc3e5 Rf8e8
33.Rf3g3 Rg7xg3
34.Qe5xg3 Kf8
35.Qg3e3 a6
36.Qe3h6 Ke7
37.Qh6xh7 Kd8
38.Ra1c1 Qb5d7
39.Qh7h4 Kc7
40.Qh4g3 e5
41.Qg3g6 Qd7e6
42.Qg6g7 Re8e7
43.Qg7h8 f4
44.c6 bxc6
45.Qh8a8 Re7d7
46.Qa8a7 Kd8
47.Qa7xa6 Rd7c7
{ draw }
1/2-1/2

[Event "Tourn. n8900"]
[Site "www.chess-mail.com"]
[Date "2016.09.22"]
[Round "1"]
[White "Prize64"]
[Black "Seger"]
[WhiteElo "2380"]
[BlackElo "2750"]
[Result "0-1"]
[Round "1"]
1.e4 e5
2.Ng1f3 Nb8c6
3.Bf1c4 Ng8f6
4.d3 Bf8c5
5.c3 a5
6.a4 h6
7.O-O d6
8.h3 O-O
9.Nb1d2 Nc6e7
10.Rf1e1 Ne7g6
11.Nd2f1 Nf6h5
12.Nf3xe5 Qd8h4
13.d4 Ng6xe5
14.Bc4e2 Nh5f6
15.dxc5 Nf6xe4
16.Bc1e3 Ne4xc5
17.Be3xc5 dxc5
18.Be2b5 Ne5g6
19.Qd1f3 Ra8b8
20.Nf1e3 Bc8e6
 { time }
0-1

[Event "Tourn. n8965"]
[Site "www.chess-mail.com"]
[Date "2016.09.22"]
[Round "1"]
[White "Attatroll"]
[Black "Nulladies"]
[WhiteElo "1850"]
[BlackElo "1760"]
[Result "1-0"]
[Round "1"]
1.e4 b6
2.d4 Bc8b7
3.Nb1c3 Ng8f6
4.f3 e6
5.Bc1e3 Bf8e7
6.Ng1e2 O-O
7.Ne2g3 d5
8.e5 Nf6d7
9.Bf1d3 f6
10.O-O fxe5
11.dxe5 Nd7xe5
12.Be3d4 Be7f6
13.Bd4xe5 Bf6xe5
14.Qd1e2 Qd8d7
15.Qe2xe5 Nb8c6
16.Qe5h5 Qd7f7
17.Qh5xh7 
1-0

[Event "Tourn. n8872"]
[Site "www.chess-mail.com"]
[Date "2016.09.22"]
[Round "1"]
[White "Julian"]
[Black "Pwain"]
[WhiteElo "2050"]
[BlackElo "2220"]
[Result "0-1"]
[Round "1"]
1.e4 e5
2.Ng1f3 Nb8c6
3.Bf1b5 a6
4.Bb5a4 d6
5.c3 b5
6.Ba4b3 Ng8f6
7.Qd1e2 Bf8e7
8.O-O Nc6a5
9.Bb3c2 c5
10.d4 Qd8c7
11.Nb1d2 cxd4
12.Bc2d3 dxc3
13.bxc3 Qc7xc3
14.Ra1b1 O-O
15.Bc1b2 Qc3c7
16.Rf1c1 Qc7d8
17.Nd2b3 Bc8e6
18.Nb3xa5 Qd8xa5
19.Bb2c3 Qa5d8
20.Bc3b4 Nf6d7
21.Rc1c6 Nd7f6
22.Rb1d1 Qd8d7
23.Rd1c1 Rf8c8
24.Rc6xc8 Ra8xc8
25.Rc1xc8 Qd7xc8
26.h3 Kf8
27.g4 Nf6d7
28.Nf3d2 Be6xa2
29.Kg2 Qc8c6
30.Kg3 Nd7c5
31.Bd3c2 Be7g5
32.Nd2f3 Bg5f4
33.Kg2 Ba2c4
34.Qe2d1 f6
35.Nf3d2 Bf4xd2
36.Qd1xd2 h6
37.f4 Kf7
38.fxe5 dxe5
39.Kf3 Nc5e6
40.h4 Ne6d4
41.Ke3 Bc4e2
42.Bc2d3 Be2xg4
43.Qd2a2 Bg4e6
44.Qa2b2 g5
45.hxg5 hxg5
46.Bb4c3 Qc6b6
47.Bc3xd4 Qb6xd4
48.Qb2xd4 exd4
49.Kxd4 g4
50.Ke3 Ke7
51.Kf4 Kd6
52.Bd3e2 Be6d7
{ resign }
0-1

[Event "Tourn. n8938"]
[Site "www.chess-mail.com"]
[Date "2016.09.22"]
[Round "1"]
[White "Prize64"]
[Black "Kampungboy"]
[WhiteElo "2360"]
[BlackElo "2430"]
[Result "0-1"]
[Round "1"]
1.e4 Ng8f6
2.e5 Nf6d5
3.d4 d6
4.c4 Nd5b6
5.exd6 cxd6
6.Bf1d3 g6
7.Nb1c3 Bf8g7
8.Bc1e3 Nb8c6
9.Ng1e2 O-O
10.b3 d5
11.c5 Nb6d7
12.Ra1c1 e5
13.Nc3xd5 exd4
 { time }
0-1

[Event "Tourn. n8930"]
[Site "www.chess-mail.com"]
[Date "2016.09.22"]
[Round "1"]
[White "Prize64"]
[Black "Darko10"]
[WhiteElo "2370"]
[BlackElo "2640"]
[Result "0-1"]
[Round "1"]
1.e4 e5
2.Ng1f3 Nb8c6
3.Bf1b5 a6
4.Bb5a4 Ng8f6
5.O-O Bf8e7
6.Rf1e1 b5
7.Ba4b3 d6
8.c3 O-O
9.h3 Nc6b8
10.d4 Nb8d7
11.Nb1d2 Bc8b7
12.Bb3c2 Rf8e8
 { time }
0-1

[Event "Match"]
[Site "www.echecsemail.com"]
[Date "2016.09.22"]
[Round "1"]
[White "Add"]
[Black "Ericleo1980"]
[WhiteElo "2010"]
[BlackElo "2130"]
[Result "0-1"]
[Round "1"]
1.e4 c5
2.Ng1f3 d6
3.h3 Ng8f6
4.Nb1c3 a6
5.d3 b5
6.a3 Nb8d7
7.Bf1e2 e6
8.b4 Bc8b7
9.Bc1b2 Bf8e7
10.O-O O-O
11.Nc3a2 Qd8c7
12.Qd1d2 h6
13.Na2c1 Rf8d8
14.Nf3h2 d5
15.exd5 Nf6xd5
16.Be2f3 cxb4
17.Nc1b3 Ra8c8
18.axb4 Qc7xc2
19.Qd2xc2 Rc8xc2
20.Nb3a5 Bb7a8
21.Bb2a3 Nd7e5
22.Bf3xd5 Rd8xd5
23.Rf1c1 Rc2xc1
24.Ra1xc1 Rd5xd3
25.Ba3b2 Ne5g6
26.Rc1c8 Rd3d8
27.Rc8xd8 Be7xd8
28.Na5b3 Bd8e7
29.Nb3c5 a5
30.Bb2c3 Ng6f4
{ resign }
0-1

[Event "Match"]
[Site "www.echecsemail.com"]
[Date "2016.09.22"]
[Round "1"]
[White "Coraza8091"]
[Black "Billyg"]
[WhiteElo "1650"]
[BlackElo "1580"]
[Result "0-1"]
[Round "1"]
1.e4 e5
2.Ng1f3 d6
3.h3 d5
4.exd5 Qd8xd5
5.b3 a6
6.Nb1c3 Qd5e6
7.Bf1c4 Qe6g6
8.g4 Ng8f6
9.Bc1b2 h5
10.Nf3xe5 Qg6h7
11.Bc4xf7 Ke7
12.Bf7g6 Qh7g8
13.Bb2a3 Ke6
14.Bg6f7 Kxe5
15.Bf7xg8 Rh8xg8
16.d4 Ke6
17.Qd1e2 Kf7
18.Qe2c4 Ke8
19.g5 b5
20.Qc4xc7 Bc8d7
21.Qc7b7 Bd7c6
22.Qb7c8 Kf7
23.g6 Kxg6
24.Ba3xf8 Bc6d7
25.Rh1g1 Kh7
26.Qc8d8 Bd7xh3
27.Qd8d6 Nb8d7
28.Bf8e7 Rg8e8
29.O-O-O Ra8a7
30.Be7xf6 Nd7xf6
31.Qd6g3 Bh3g4
32.f3 Re8e3
33.Nc3b1 g6
34.d5 Re3xf3
35.Qg3b8 Ra7e7
36.d6 Re7d7
37.Qb8c8 Nf6e4
38.Rd1d5 Rf3f7
 { time }
0-1

[Event "Match"]
[Site "www.echecsemail.com"]
[Date "2016.09.22"]
[Round "1"]
[White "Frisker"]
[Black "Calmriver"]
[WhiteElo "2300"]
[BlackElo "1699"]
[Result "1-0"]
[Round "1"]
1.d4 e6
2.c4 Ng8f6
3.Nb1c3 Bf8b4
4.f3 d5
5.Bc1g5 h6
6.Bg5h4 O-O
7.e3 b6
8.Qd1a4  { time }
1-0

[Event "Match"]
[Site "www.echecsemail.com"]
[Date "2016.09.22"]
[Round "1"]
[White "Pariolinius"]
[Black "Calmriver"]
[WhiteElo "1810"]
[BlackElo "1699"]
[Result "1-0"]
[Round "1"]
1.d4 e6
2.Ng1f3 Ng8f6
3.Bc1g5 d5
4.e3 Nb8d7
5.c4 h6
6.Bg5h4 Bf8e7
7.Bf1d3 O-O
8.Nb1c3  { time }
1-0